| 000 | 00357nam a22001457a 4500 | ||
|---|---|---|---|
| 999 |
_c7908 _d7908 |
||
| 003 | OSt | ||
| 005 | 20200601125548.0 | ||
| 008 | 200601b ||||| |||| 00| 0 eng d | ||
| 020 | _a9780985467449 | ||
| 082 |
_a725.21 _bHOG |
||
| 110 | _aHogan John | ||
| 245 | _aStores of the Year 20 | ||
| 260 |
_aNew York _bRSD PUBLISHING _cSeptember 30, 2014 |
||
| 942 | _2ddc | ||